| 000 | 00640 a2200157 4500 | ||
|---|---|---|---|
| 003 | Nust | ||
| 005 | 20170207171532.0 | ||
| 022 | _a1579060722 | ||
| 040 | _cNust | ||
| 082 | _a355.3 | ||
| 100 | _aGompert, David C. | ||
| 245 |
_aBattle-wise : _bseeking time-information superiority in networked warfare _hDavid C. Gompert, Irving Lachow, and Justin Perkins |
||
| 260 |
_aServices Book Club _bGHQ Rawalpindi _c2014 |
||
| 300 | _a174 p | ||
| 650 |
_aCommand and control systems --United States. _cInformation warfare --United States. _xOperational art (Military science) _yComputer networks --United States. _zMilitary art and science --Automation |
||
| 942 |
_2ddc _cBK |
||
| 999 |
_c217055 _d217055 |
||